000 00880nam a2200229 a 4500
005 20211001083254.0
008 120830s1980 ilu |||gr|||| 00| 0 eng d
020 _a9780810106055
040 _aCO-BoUCM
_bspa
_cDeissy Garcia
_dDeissy Garcia
041 _aeng
100 1 _aFrege, Gottlob
_992620
_d1848-1925
245 1 4 _aThe foundations of arithmetic
_ba logico-mathematical enquiry into the concept of number
_cGottlob Frege ; Traducción al inglés de JL Austin
250 _a2a.Ed.
260 _aEvanston, Illinois
_bNorthwestern University Press
_c1980
300 _axxiii, 119 páginas
504 _aIncluye referencias bibliográficas
650 7 _aAritmética
_xFundamentos
_9106558
650 7 _aLógica simbólica y matemática
_918802
650 7 _aMatemáticas
_919031
942 _cLIBRO
_2DEWEY
_a25
_e2
_h510.1
_mF858f
_n0
999 _c319064
_d319064